000
00365nam a2200157Ia 4500
008
151213s9999 xx 000 0 und d
100
_a
C.Mc.Goman
245
_a
Notes of Robinson Crusoe
_c
C.Mc.Goman
250
_a
1st
260
_a
Calcata
_b
Kalyami
_c
1992
300
_a
2512 p.
650
_a
English
650
_a
English
700
_a
C.Mc.Goman
999
_c
1711
_d
1711